01310nam a2200325 a 4500001001000000003000900010005001700019007000300036008004100039020001800080040002500098082001500123110009100138245009100229260003500320300004500355590002800400650000900428650000900437650000900446651000900455700003700464710009000501910000700591942001400598952011500612952012000727952012000847999001700967000000385DO-SdBNP20220607093307.0ta081126s2019 dr ac r 000 0 spa d a9789945220001 aDO-SdBNPbspacBNPHU axxxbR426p2 aRepública Dominicana.bInstituto Nacional de Aguas Potables y Alcantarillados 9128210aPlan de emergencia infraestructura APS del INAPA /cHoracio Mazara, director ejecutivo aSanto Domingo :bINAPA,c2019. a111 p. :bil., retrs., grafcs. ;c29 cm. aInventariado, 2022 / DG 491283 491284 91285 91286 aMazara, Horacioedirector98179112aRepública Dominicana.bInstituto Nacional de Aguas Potables y Alcantarillados91282 aDG 2ddccLBS1 00102ddc51708MOaBNPHUbPDcCTd0000-00-00l0oBNPHU PD xxx R426pp2022-2761r2022-06-07w2022-06-07yLBS1 00102ddc51708MOaBNPHUbPDcCTd0000-00-00l0oBNPHU PD xxx R426pp2022-2762r2022-06-07te.2w2022-06-07yLBS1 00102ddc56708MOaBNPHUbDOcCTd0000-00-00l0oBNPHU DS xxx R426pp2022-2763r2022-06-07te.3w2022-06-07yLBS1 c51942d51942